Estudio de factibilidad para la creación de una Cervecería artesanal en el área urbana del Municipio de Tupiza (Registro nro. 9694)

000 -CABECERA (24)
Campo de control interno 02773nam a22002894a 4500
003 - IDENTIFICADOR DE CONTROL
Campo control BOLpUSFA
005 - FECHA Y HORA DE CATALOGACION
Campo de control 20260416160153.0
008 - ELEMENTOS DE LONGITUD FIJA - INFORMACIÓN GENERAL
Campo de control de longitud fija t bo grm 001 | spa||
040 ## - Origen de la Catalogacion
Origen de la Catalogacion BOLpUSFA
041 ## - Código de idioma (R)
Código de lengua del texto/banda sonora o título independiente (R) spa
044 ## - Código de país de la publicación
Codigo de pais MARC BO
082 ## - Número de la Clasificación Decimal Dewey
Número de la Clasificación Decimal Dewey ICO0015
Codigo Cutter J25e PG
100 ## - Autor Personal
Autor Personal Jaime Rivera, Amanda
245 ## - Titulo
Titulo Estudio de factibilidad para la creación de una Cervecería artesanal en el área urbana del Municipio de Tupiza
260 ## - Editorial
Ciudad Tupiza:
Nombre de la Editorial Universidad Privada San Francisco de Asís,
Fecha 2025
300 ## - Descripcion
Extension 168 p.
502 ## - Nota de Tesis
Nota de Tesis Modalidad: Proyecto de Grado - <br/>Tutora: Lic. Zorka Encinas Muninagie
520 ## - Resumen
Resumen El mercado de bebidas alcohólicas en Bolivia presenta una tendencia de <br/>crecimiento sostenido, con proyecciones que indican un incremento de USD 1.8 mil <br/>millones y una tasa compuesta de crecimiento del 8.3% entre 2025 y 2030. <br/>Para ello se propone la consolidación de una microempresa de cerveza <br/>artesanal en el municipio de Tupiza, considerando los aspectos principales para la <br/>producción y venta de un producto para ello se determina la factibilidad, para la <br/>creación de una cervecería artesanal en el área urbana del municipio de Tupiza. <br/><br/>Desarrollando un estudio de mercado que permita determinar la aceptación <br/>del producto en base a una encuesta desarrollada en el municipio de Tupiza <br/>logrando identificar los puntos principales para desarrollo del producto. <br/>Para llevar a cabo una microempresa es necesario realizar un análisis <br/>administrativo, para definir los procesos necesarios para el funcionamiento de la <br/>cervecería artesanal. <br/><br/>El proceso productivo ayuda a elaborar el estudio técnico que determine los <br/>recursos, procesos y requerimientos para la puesta en marcha de la cervecería <br/>artesanal. <br/><br/>Finalmente se formula un estudio económico – financiero para evaluar la <br/>viabilidad económica estableciendo proyecciones de inversión y rentabilidad de <br/>funcionamiento de la cervecería artesanal. Tras los estudios realizados los <br/>indicadores financieros obtenidos como un VAN positivo de Bs. 286.402,53 una TIR <br/>del 55%, reflejan que la inversión es rentable y atractiva, superando ampliamente la <br/>tasa mínima de rendimiento exigida. Los resultados del estado de resultados y del <br/>flujo de caja muestran utilidades netas crecientes, lo cual fortalece la estabilidad y <br/>sostenibilidad del negocio en el mediano plazo. <br/>
650 ## - Temas - Descriptores
Temas - Descriptores Ingeniería Comercial
650 ## - Temas - Descriptores
Temas - Descriptores Proyecto de Grado
650 ## - Temas - Descriptores
Temas - Descriptores Estudio de factibilidad
650 ## - Temas - Descriptores
Temas - Descriptores Cervezas artesanales
650 ## - Temas - Descriptores
Temas - Descriptores Bebidas alcohólicas
651 ## - Punto de acceso adicional de materia - Nombre geográfico (R)
Nombre geográfico (NR) Potosí
651 ## - Punto de acceso adicional de materia - Nombre geográfico (R)
Nombre geográfico (NR) Tupiza
942 ## - ELEMENTOS DE KOHA
Esquema de Clasificaci
Tipo de Documento Tesis
Catalogador LLO
Existencias
Retirado (estado) Perdido (estado) Fuente de Clasificacion Deterioro (estado) Prestamo Coleccion Ubicacion permanente Ubicacion actual Fondo Fecha de adquisicion Origen de adquisicion Prestamos Signatura Topografica Codigo de barras Ultima fecha de verificacion Price effective from Tipo de Item
No Dañado Disponible   No Dañado Disponible Tesis Biblioteca USFA Tupiza Biblioteca USFA Tupiza Colección Tesis 04/16/2026 Depósito   ICO0015 J25e PG BTZ00901 04/16/2026 04/16/2026 Tesis

Universidad Privada San Francisco de Asis (USFA)
Sopocachi, av. 20 de octubre esq. Belisario Salinas No.397 (Plaza Abaroa)
Telf.fax (+591-2) 2443773
info@usfa.edu.bo